000 00563cam a2200205 4500500
005 20260405002608.0
041 _afre
042 _adc
100 1 0 _aLavis, Alexis
_eauthor
245 0 0 _aJūnzĭ
260 _c2017.
500 _a3
690 _aAlexis Lavis
690 _aChine
690 _aConfucius
690 _aFormation
690 _aNoblesse
786 0 _nPhilosophie magazine | 114 | 11 | 2017-11-01 | p. 33-33 | 1951-1787
856 4 1 _uhttps://shs.cairn.info/magazine-philosophie-magazine-2017-11-page-33?lang=fr&redirect-ssocas=7080
999 _c2059143
_d2059143